| 000 | 01214nam a2200253Ia 4500 | ||
|---|---|---|---|
| 999 |
_c53384 _d53384 |
||
| 001 | 20427 | ||
| 003 | GE_BSU | ||
| 005 | 20201204211841.0 | ||
| 008 | 181216s1972||||ge |||||||||||||| ||geo|| | ||
| 040 | _cGE_BSU | ||
| 041 | _ageo | ||
| 080 | _a811.353.1-84(075.3=161.1) ჩ-62 | ||
| 100 |
_aჩინჩალაძე, მ. _99829 |
||
| 245 |
_aქართული ენა : _bსახელმძღვ. საქ. სსრ რუსული სკოლის IX კლასისათვის / _cმ. ჩინჩალაძე, ს. დვალი ; რედ. : ლ. კვინიკაძე, ლ. გურეშიძე. |
||
| 264 |
_aთბილისი : _bგანათლება, _c1972. |
||
| 300 |
_a186 გვ. : _b ილ. ; _c 21სმ. |
||
| 541 | _h26თ. | ||
| 653 | _aსახელმძღვანელო რუსული სკოლებისათვის | ||
| 653 | _aქართული ენა | ||
| 700 |
_a დვალი, ს. _eავტორი _99830 |
||
| 700 |
_aკვინიკაძე, ლ. _eრედაქტორი _99831 |
||
| 700 |
_aგურეშიძე, ლ. _eრედაქტორი _99832 |
||
| 942 |
_cBK _2udc |
||